| 000 | 01384cam a2200409 a 4500 | ||
|---|---|---|---|
| 001 | data | ||
| 005 | 20260322212104.0 | ||
| 008 | data | ||
| 035 | _a2385899 | ||
| 906 |
_a7 _bcbc _corignew _d1 _eocip _f19 _gy-gencatlg |
||
| 010 | _a 85005951 | ||
| 020 |
_a0443031061 (pbk.) : _c£22.50 |
||
| 020 | _a9780443031069 | ||
| 035 | _9(DLC) 85005951 | ||
| 040 |
_aDNLM/DLC _cDLC _dDLC |
||
| 050 | 0 | 0 |
_aQM23.2 _b.D59 1986 |
| 060 | _aQS 4 D621a | ||
| 082 | 0 | 0 |
_a611/.91 _219 |
| 100 | 1 | _aDixon, Andrew Derart. | |
| 245 | 1 | 0 |
_aAnatomy for students of dentistry / _cAndrew Derart Dixon. |
| 250 | _a5th ed. | ||
| 260 |
_aNew York : _aNew York : _bChurchill Livingstone, _c1986. |
||
| 300 |
_aix, 405 p. : _bill. ; _c25 cm. |
||
| 336 |
_atext _btxt _2rdacontent |
||
| 337 |
_aunmediated _bn _2rdamedia |
||
| 338 |
_avolume _bnc _2rdacarrier |
||
| 440 | 0 | _aChurchill Livingstone dental series | |
| 500 | _aRev. ed. of: Anatomy for students of dentistry / James Henderson Scott, Andrew Derart Dixon. 4th ed. 1978. | ||
| 500 | _aIncludes index. | ||
| 504 | _aBibliography: p. 374-381. | ||
| 650 | 0 | _aHuman anatomy. | |
| 650 | 0 |
_aHead _xAnatomy. |
|
| 650 | 2 | _aAnatomy. | |
| 700 | 1 |
_aScott, James Henderson. _tAnatomy for students of dentistry. |
|
| 991 |
_bc-GenColl _hQM23.2 _i.D59 1986 _p00011135663 _tCopy 1 _wBOOKS |
||
| 999 |
_c1521 _d1521 |
||